000 00486nam a2200157 4500
001 107903
003 ES-MaACL
005 20230906184523.0
007 t|
008 061121s1930 sp r ||||1| spa d
100 1 _aMontaner, Pedro.
_982376
245 1 0 _aDe hace treinta años
_b: crónicas filipino-ingenieriles de un ex-prisionero /
_cPedro Montaner.
260 _aMadrid :
_b[s.n.],
_c1930 (
_fDiana, Artes Gráficas)
300 _a76 p. ;
_c22 cm.
852 _aES-MaACL
_j1738-F-22
999 _c107903
_d107903